000 01089nam a22002777a 4500
001 BRCA_9337
003 FranzMayer
005 20230918120927.0
008 230825b |||||||| |||| 00| 0 eng d
020 _a8843540521
040 _aMFM
_bespañol
_cMFM
050 0 _aN15.G56
_b.E44 1995
110 1 _4Responsable
_aBanco Ambrosiano Veneto
_bElecta
_929195
240 _aGioielli d'artista en Italia 1945-1995
_lItaliano
245 0 _aGioielli d'artista en Italia 1945-1995
260 _aMilano
_bElecta
_c1995
300 _a285 p
_bIlustraciones a color
_c28 cm
500 _aAnexo 1
500 _aIncluye una dedicatoria a mano en la primer página
505 _aTexto en: italianoIncluye índice temáticoIncluye bibliografía 283-285Dirigido a: artistas, museógrafos, historiadores de arte.
650 1 _2Artes vsuales
_aArtes de lugares epsecificos
_vItalia
_929196
651 2 _2Arte contemporáneo
_aArte europeo
_vGioiselli (1945-1995)
_929197
700 1 _4Responsable
_aSomaini, Luisa
_929198
700 1 _4Responsable
_aCerritelli, Claudio
_929199
942 _2lcc
_cB
999 _c10959
_d10959